000 00459nam a2200133Ia 4500
008 231129s2010||||xx |||||||||||||| ||spa||
020 _a978-958-20-1017-1
040 _bspa
082 _a371.1 F477
245 0 _aFiguras contemporáneas del maestro en América Latina : 30 años del grupo de historia de la práctica pedagógica
260 _c2010
264 _aGrupo Historia de la Práctica Pedagógica
942 _2ddc
_cBKS
999 _c13937
_d13937